Meet the Mennonites: (Record no. 13980)

000 -LEADER
fixed length control field 00553nam a2200181 a 4500
001 - CONTROL NUMBER
control field :::00011804$&:&@@
003 - CONTROL NUMBER IDENTIFIER
control field OkBaRHE
005 - DATE AND TIME OF LATEST TRANSACTION
control field 20000607103413.0
008 - FIXED-LENGTH DATA ELEMENTS--GENERAL INFORMATION
fixed length control field s1961 j 000 0 eng u
040 ## - CATALOGING SOURCE
Transcribing agency
100 1# - MAIN ENTRY--PERSONAL NAME
Personal name Smith, Elmer L.
245 10 - TITLE STATEMENT
Title Meet the Mennonites:
Remainder of title in Pennsylvania Dutchland.
260 ## - PUBLICATION, DISTRIBUTION, ETC. (IMPRINT)
Place of publication, distribution, etc Lebanon, PA., :
Name of publisher, distributor, etc Applied Arts Publishers
Date of publication, distribution, etc c1961
300 ## - PHYSICAL DESCRIPTION
Extent 42 p. ;
Dimensions 28 cm.
650 ## - SUBJECT ADDED ENTRY--TOPICAL TERM
Topical term or geographic name as entry element Mennonites
942 ## - ADDED ENTRY ELEMENTS (KOHA)
Source of classification or shelving scheme
Koha item type Books
Copies
Barcode Shelving location Price effective from Not for loan Damaged status Date acquired Koha item type Date last seen Source of classification or shelving scheme Copy number Full call number Permanent Location Lost status Withdrawn status
11804General Stacks2010-04-14  2010-04-14Books2010-04-14 1BX 8121 .S6RHEMA Bible Training College